000 00445nam a2200169 4500
001 109437
003 ES-MaACL
005 20230906184837.0
007 t|
008 061121s1970 sp r ||||1| spa d
100 1 _aMujica Láinez, Manuel.
_984091
245 1 4 _aLos idolos /
_cManuel Mújica Laínez.
250 _a1ª. ed.
260 _aBarcelona :
_bEDHASA,
_c1970.
300 _a228 p. ;
_c19 cm.
852 _aES-MaACL
_jC-40283
_bR.75630
999 _c109437
_d109437